Análisis dinámico de sistemas mecánicos

Bewaard in:
Bibliografische gegevens
Hoofdauteur: Chiang S., Luciano E (Auteur)
Formaat: Boek
Taal:Spaans
Gepubliceerd in: Santiago Universidad Católica de Chile 1994
Reeks:Textos Universitarios
Onderwerpen:
Tags: Voeg label toe
Geen labels, Wees de eerste die dit record labelt!

MARC

LEADER 00000nam a2200000 a 4500
001 UCY7560
003 CL-VaPUC
008 950614e19941200CL |||||||||||||||||spa|d
082 0 4 |a 531.11  |b CHI  |2 21 
100 0 |a Chiang S., Luciano E  |e author  |9 338107 
245 1 0 |a Análisis dinámico de sistemas mecánicos 
300 |a 349 p 
942 |c BK 
945 |d 19950614 00:00:00  |a awong 
260 |a Santiago  |b Universidad Católica de Chile  |c 1994 
650 0 |a Dinámica  |9 260136 
650 0 |a Cinemática  |9 260942 
650 0 |a Vibraciones  |9 338108 
583 |a last modification  |c 19950614 00:00:00  |k Rodrigo Vera 
490 0 |a Textos Universitarios 
999 |c 234903  |d 234901 
952 |0 0  |1 0  |4 0  |6 531_110000000000000_CHI_1994  |7 0  |8 A  |9 241686  |a BIBCUR  |b BIBCUR  |d 2019-11-18  |i 3090213  |o 531.11 CHI 1994  |p 3090213  |r 2025-04-22  |w 2019-11-18  |y BK  |k FIS 
952 |0 0  |1 0  |2 ddc  |4 0  |6 531_110000000000000_CHI_1994  |7 0  |8 A  |9 241687  |a BIBING  |b BIBING  |c RES  |d 2019-11-18  |i 4329554  |l 1  |o 531.11 CHI 1994  |p 4329554  |r 2025-01-20  |s 2024-06-05  |w 2019-11-18  |y BK  |k CIC 
952 |0 0  |1 0  |2 ddc  |4 0  |6 531_110000000000000_CHI_1994  |7 0  |8 A  |9 241688  |a BIBING  |b BIBING  |c RES  |d 2019-11-18  |i 4329562  |l 1  |o 531.11 CHI 1994  |p 4329562  |r 2025-01-20  |s 2022-05-12  |w 2019-11-18  |y BK  |k CIC 
952 |0 0  |1 0  |2 ddc  |4 0  |6 531_110000000000000_CHI_1994  |7 0  |8 A  |9 241689  |a BIBING  |b BIBING  |c RES  |d 2019-11-18  |i 4329570  |o 531.11 CHI 1994  |p 4329570  |r 2025-01-20  |w 2019-11-18  |y BK  |k CIC 
952 |0 0  |1 0  |2 ddc  |4 0  |6 531_110000000000000_CHI_1994  |7 0  |8 A  |9 241690  |a BIBING  |b BIBING  |c RES  |d 2019-11-18  |i 4329589  |l 1  |o 531.11 CHI 1994  |p 4329589  |r 2025-03-24  |s 2025-03-17  |w 2019-11-18  |y BK  |k CIC